Most isolated 2M Cities - Statistics

General Stats
  • This quiz has been taken 80 times
  • The average score is 12 of 25
Answer Stats
Closest 2M city D (km) # City % Correct
Johannesburg 1,261 4 Cape Town
79%
La Paz 1,078 7 Lima
69%
#14 1,139 5 Santiago
69%
#6 1,294 3 Manaus
67%
#22 2,729 1 Perth
66%
Ouagadougou 704 25 Bamako
60%
Porto Alegre 844 14 Buenos Aires
59%
#22 708 21 Sydney
59%
Jeddah 963 9 Khartoum
57%
Fortaleza 1,129 6 Belém
55%
#17 920 10 Addis Ababa
53%
#21 708 22 Melbourne
53%
Mecca 816 17 Sana'a
50%
Dar es Salaam 1,610 2 Antananarivo
48%
Nairobi 1,021 8 Mogadishu
48%
#21 738 19 Brisbane
45%
Tokyo 831 15 Sapporo
43%
Alma-Ata 862 13 Ürümqi
43%
Porto Alegre 825 16 Asunción
40%
Tehran 737 20 Mashhad
29%
Lubumbashi 745 18 Mbuji-Mayi
29%
#24 706 23 Dakar
24%
#12 871 11 Guatemala City
16%
#23 706 24 Conakry
9%
#11 871 12 San José
5%
No matching quizzes found
Score Distribution
Percent of People with Each Score
Percentile by Number Answered
Your Score History
You have not taken this quiz